| 000 | 01053naa a22002897a 4500 | ||
|---|---|---|---|
| 001 | BR7702946 | ||
| 003 | BR-BrBNA | ||
| 005 | 20240918173945.0 | ||
| 007 | ta | ||
| 008 | 230509b bl.||||| |||| 00| 0 por d | ||
| 040 |
_aBR-BrBNA _bpor _cBiblioteca Nacional de Agricultura |
||
| 041 | _a(Pt) | ||
| 072 |
_aD50; P00 _b/G514 |
||
| 090 | _aD50 BR7702946 | ||
| 100 | 1 | _aCeccatto, J.N. | |
| 111 | 1 |
_aEncontro nacional sobre Conservacao da Fauna e Recursos Faunisticos _cBrasilia, DF (Brazil) _d29 Sep 1977 |
|
| 245 | 1 | _aLei de protecao a fauna [Brasil] | |
| 260 | 3 |
_aBrasilia, DF (Brasil): _c1977. |
|
| 500 | _aEncontro nacional sobre conservacao da fauna e recursos faunisticos Brasilia, DF (Brasil): 1977. p. 153-174 (BR7702946-AM)D50 | ||
| 650 | _aLegislacao | ||
| 650 | _aRecurso natural | ||
| 650 | _aConservacao | ||
| 650 | _aFauna | ||
| 773 | 0 |
_tEncontro nacional sobre conservacao da fauna e recursos faunisticos _wD50 BR7702946 _gBrasilia, DF (Brasil), 1977. p. 153-174 |
|
| 909 |
_a202404 _bLucia _c55 _dLucia Elande |
||
| 942 |
_cAM _2AGRIS |
||
| 999 |
_c307962 _d307962 |
||